000 01853nam0a2200361 4500
001 RU\NLR\bibl\1166063
005 20250615083945.0
010 _a978-5-8199-0276-9
_bФорум
010 _a978-5-16-002667-1
_93000
_bИнфра-М
021 _aRU
_b2007-75542
_94064
035 _a(NLR Aleph) 001152776
090 _a1488216
_c1488216
100 _a20071211d2008 |||y0rusy50 ca
101 0 _arus
102 _aRU
105 _ay |||||||||
200 1 _aЭтика деловых отношений
_eучебник для студентов учреждений среднего профессионального образования, обучающихся по группе специальностей 0600 "Экономика и управление"
_fВ.К. Борисов, Е.М. Панина, М.И. Панов [и др.]
210 _aМосква
_cФорум
_cИнфра-М
_d2008[т.е. 2007]
215 _a175 с.
_d22
320 _aБиблиогр.: с. 172 (16 назв.) и в подстроч. примеч.
606 1 _aДеловая этика
_jУчебники для среднего профессионального образования
_92213569
_3RU\NLR\auth\661329630
686 _aЮ705.4я723
686 _aС550.422.1я723
701 1 _4070
_aБорисов
_bВ. К.
_cканд. филос. наук, менеджмент
_gВладимир Константинович
_9262932
_3RU\NLR\AUTH\770262988
701 1 _aПанина
_bЕ. М.
_gЕкатерина Михайловна
_4070
701 1 _4070
_7ca
_8rus
_aПанов
_bМ. И.
_cд-р филос. наук
_f1947-2013
_gМихаил Иванович
_9162124
_3RU\NLR\AUTH\770162168
801 0 _aRU
_bNLR
_c20071211
_gRCR
801 1 _aRU
_bNLR
_c20071211
830 _aпо кн.
942 _cBOOK
980 _aNB